Pond & river

Bibliographic Details
Main Author: Parker, Steve
Format: Book
Published: London : Dorling Kindersley , 1990
Series:Eyewitness guides
Subjects:

MARC

LEADER 00000cam a2200000 7i4500
001 0000005801
002 000006269
005 20140104.0
020 |a 0863183182 
090 0 0 |a 001   |b EYE 
100 1 |a Parker, Steve 
245 1 0 |a Pond & river   |c Steve Parker 
260 |a London :   |b Dorling Kindersley ,   |c 1990 
300 |a 64 p ;   |c 29cm. 
490 0 |a Eyewitness guides 
650 0 0 |a Ponds 
650 0 0 |a Rivers 
999 |a 031081   |b BUKU   |c RUJUKAN   |e PERPUSTAKAAN KOMUNITI PETALING JAYA